000 00874naa a2200229 i 4500
001 6576
003 ES-MaBCM
005 20241016091055.0
008 890717s1988 esp 000 0 spa d
021 _axx
035 _a(OCoLC)1365150570
040 _cES-MaBCM
041 0 _aspa
043 _aesp
100 1 _aFernández López, Arturo
_915412
245 1 0 _aProceso ordinario y procesos especiales en el proyecto de Ley de bases de procedimiento laboral
_cArturo Fernández López
520 _aExamen de las notas diferenciadoras del proceso ordinario y de los procesos especiales regulados en la vigente LPL respecto del proceso ordinario y modalidades especiales previstos en el PLB
650 2 7 _aDerecho procesal laboral
_958354
651 2 4 _aEspaña
_9115342
773 0 _aEn:
_tDocumentación laboral
_dMadrid : 1988
_w104392
_gnº 26 ; p. 59-71
942 _cAREV
999 _c6576
_d6576